header

State of the world's vaccines and immunization (Record no. 111208)

MARC details
000 -LEADER
fixed length control field 02056nam a2200493Ia 4500
100 1# - MAIN ENTRY--AUTHOR NAME
Personal name Maurice, J. M.,
245 10 - TITLE STATEMENT
Title State of the world's vaccines and immunization
250 ## - EDITION STATEMENT
Edition statement 3rd ed.
260 ## - PUBLICATION, DISTRIBUTION, ETC. (IMPRINT)
Place of publication Geneva :
Name of publisher World Health Organization,
Year of publication 2009.
300 ## - PHYSICAL DESCRIPTION
Number of Pages xxxiii, 169 p. :
Other physical details ill. (some col.), maps (some col.)
500 ## - GENERAL NOTE
General note By John Maurice and Sheila Davey.
General note Imprint: "World Health Organization, UNICEF, World Bank."
General note Rev. ed. of: State of the world's vaccines and immunization / Sheila Davey. 2003.
650 #0 - SUBJECT ADDED ENTRY--TOPICAL TERM
Topical Term Vaccines.
Topical Term Communicable diseases in children
Topical Term Communicable diseases in children
Topical Term Vaccination of children
Topical Term Vaccination of children
Topical Term Vaccination of infants
Topical Term Vaccination of infants
Topical Term Medical policy
Topical Term Children
700 1# - ADDED ENTRY--PERSONAL NAME
Personal name Davey, Sheila.
856 40 - ELECTRONIC LOCATION AND ACCESS
Uniform Resource Identifier http://site.ebrary.com/lib/rucke/Doc?id=10363991

No items available.

© 2026 Rongo University
Contact us: librarian | system librarian | Rongo university